'H' Celebrity Images Quiz Stats

 Plays Quiz Updated May 9, 2013

Challenge
Share
Tweet
Score 0/20 Timer 06:00
5 Plays Today
% Correct
Tom Hanks
95.9%
Paris Hilton
94.8%
Whitney Houston
87.8%
Dustin Hoffman
74.9%
Goldie Hawn
70.7%
Audrey Hepburn
68.1%
George Harrison
65.9%
Helen Hunt
63.5%
Jonah Hill
60.8%
Kate Hudson
59.2%
% Correct
Salma Hayek
58.3%
Mia Hamm
57.1%
Bob Hope
51.2%
Elizabeth Hurley
51%
Mark Harmon
44.8%
Larry Hagman
43.4%
Florence Henderson
43.2%
Josh Hartnett
39%
Taylor Hicks
38.6%
Sherman Hemsley
32.1%

You're not logged in!

Compare scores with friends on all Sporcle quizzes.
Join for Free
OR
Log In

You Might Also Like...

Show Comments

Extras

Top Quizzes Today


Score Distribution

Your Account Isn't Verified!

In order to create a playlist on Sporcle, you need to verify the email address you used during registration. Go to your Sporcle Settings to finish the process.

Report this User

Report this user for behavior that violates our Community Guidelines.

Details: